| 000 | 00919nam a2200265Ia 4500 | ||
|---|---|---|---|
| 003 | OSt | ||
| 005 | 20221005110631.0 | ||
| 006 | a|||||r|||| 00| 0 | ||
| 007 | ta | ||
| 008 | 221004b |||||||| |||| 00| 0 hin d | ||
| 020 |
_a8126312467 (hbk) _cIndian Rupees 190 |
||
| 024 | _a43855 | ||
| 037 |
_bGift, 29/05/2019, _cTextual |
||
| 040 |
_aCRL _cCRL _bhin |
||
| 041 |
_2hin _ahin |
||
| 082 | _a4(NW44), 152Q4 | ||
| 100 | _aरामकृष्ण, ले. | ||
| 245 | 0 | _aसिने संसार और पत्रकारिता | |
| 246 | _aSine sansār aur patrakāritā | ||
| 260 |
_aनई दिल्ली _bभारतीय ज्ञानपीठ भारत _c2014 |
||
| 300 |
_a195पृ0 _ccm. |
||
| 650 | _aपत्रकारिता | ||
| 942 |
_h4(NW44), 152Q4 _cTEXL _2cc |
||
| 999 |
_c1019407 _d1019407 |
||